000 00305nam a22001337a 4500
008 171027b xxu||||| |||| 00| 0 eng d
020 _a0844736708
041 _aeng
080 _a336
100 _a56
101 _aFIN
245 _aBANKING & FINANCIAL SERVICES IN AMERICA
_cHARAF,W.S
942 _2udc
_cBK
999 _c36188
_d36188